| 000 | nam a22 a 4500 | ||
|---|---|---|---|
| 999 |
_c2611 _d2611 |
||
| 005 | 20170517120814.0 | ||
| 008 | 170517b1966 -us||||| |||| 00| 0 eng d | ||
| 020 | _a0904702829 | ||
| 040 | _aAKMAL | ||
| 082 | 0 | 4 | _a615.851 PAU |
| 090 |
_a615.851 _bPAU |
||
| 100 |
_aPaul, Gordon L. _95445 |
||
| 245 | _aInsight vs Desensitization in Psychotheraphy | ||
| 260 |
_aCalifornia _bStanford Univesity Press _c1966 |
||
| 300 |
_a148 _c20cm |
||
| 942 |
_2ddc _cBOOK |
||